[Event "Steinfurt Bezirksklasse 1617"]
[Site "Germany"]
[Date "2017.05.27"]
[Round "10.5"]
[White "Welling, Heinz"]
[Black "Hepe, Henning"]
[Result "1-0"]
[WhiteElo "1150"]
[BlackElo "1194"]
[PlyCount "20"]
[EventDate "2016.09.17"]
[EventType "team"]
[EventRounds "10"]
[EventCountry "GER"]
[SourceTitle "EXT 2018"]
[Source "ChessBase"]
[SourceDate "2017.10.13"]
[SourceVersion "1"]
[SourceVersionDate "2017.10.13"]
[SourceQuality "1"]
[WhiteTeam "Reckenfeld II"]
[BlackTeam "Steinfurt IV"]
[WhiteTeamCountry "GER"]
[BlackTeamCountry "GER"]

1. e4 e5 2. Nf3 Nc6 3. a3 d6 4. a4 Be6 5. Bb5 Nge7 6. c3 d5 7. Nxe5 dxe4 8. d4 Bd7 9. Nxc6 Nxc6 10. d5 Bc5 1-0

[Event "Steinfurt Bezirksklasse 1314"]
[Site "Germany"]
[Date "2014.03.15"]
[Round "6.5"]
[White "Hohenberger, Rudolf"]
[Black "Welling, Heinz"]
[Result "0-1"]
[WhiteElo "1430"]
[BlackElo "1257"]
[PlyCount "106"]
[EventDate "2013.10.05"]
[EventType "team-tourn"]
[EventRounds "9"]
[EventCountry "GER"]
[SourceTitle "EXT 2015"]
[Source "ChessBase"]
[SourceDate "2014.11.20"]
[SourceVersion "1"]
[SourceVersionDate "2014.11.20"]
[SourceQuality "1"]
[WhiteTeam "Westerkappeln"]
[BlackTeam "Reckenfeld II"]
[WhiteTeamCountry "GER"]
[BlackTeamCountry "GER"]

1. e4 e5 2. Nf3 Nc6 3. d4 exd4 4. Nxd4 Nxd4 5. Qxd4 d6 6. Nc3 Be6 7. Be2 Nf6 8. 0-0 Be7 9. Bf3 c6 10. Bf4 0-0 11. e5 dxe5 12. Qxd8 Rfxd8 13. Bxe5 Rd2 14. Rac1 Rad8 15. Bf4 R2d7 16. a3 Nd5 17. Bxd5 cxd5 18. Rcd1 Bf6 19. Na4 b6 20. Rfe1 Rc8 21. c4 Rxc4 22. Rc1 Rxf4 23. Rc8+ Rd8 24. Rxd8+ Bxd8 25. Nc3 Kf8 26. Rd1 Rf5 27. Ne2 Bf6 28. f4 Bxb2 29. g4 Rf6 30. f5 Bxf5 31. gxf5 Rxf5 32. Rd3 g6 33. Ng3 Re5 34. Kg2 d4 35. Kf3 f5 36. Nf1 Ra5 37. Nd2 Rxa3 38. Rxa3 Bxa3 39. Nc4 Bc5 40. h3 a5 41. Ke2 Ke7 42. Kd3 Ke6 43. Nd2 Kd5 44. Nc4 a4 45. Nd2 b5 46. Nb1 a3 47. Nd2 g5 48. Ke2 a2 49. Nb3 Kc4 50. Na1 Kc3 51. Kd1 d3 52. Ke1 b4 53. Kd1 Be3 0-1

[Event "Steinfurt Bezirksliga 1213"]
[Site "Germany"]
[Date "2013.03.02"]
[Round "7.4"]
[White "Welling, Heinz"]
[Black "Holstegge, Ludger"]
[Result "0-1"]
[WhiteElo "1299"]
[BlackElo "1863"]
[PlyCount "44"]
[EventDate "2012.09.22"]
[EventType "team-tourn"]
[EventRounds "9"]
[EventCountry "GER"]
[SourceTitle "EXT 2015"]
[Source "ChessBase"]
[SourceDate "2014.11.20"]
[SourceVersion "1"]
[SourceVersionDate "2014.11.20"]
[SourceQuality "1"]
[WhiteTeam "Reckenfeld II"]
[BlackTeam "Nordwalde"]
[WhiteTeamCountry "GER"]
[BlackTeamCountry "GER"]

1. e4 c5 2. Nf3 Nc6 3. Bb5 g6 4. Bxc6 bxc6 5. 0-0 Bg7 6. e5 Nh6 7. Nc3 0-0 8. d3 Nf5 9. Re1 d5 10. b3 Nd4 11. Bb2 Bg4 12. Na4 e6 13. Nxc5 Bxf3 14. gxf3 Qg5+ 15. Kh1 Qf4 16. Re3 Bxe5 17. Rxe5 Nxf3 18. Qxf3 Qxf3+ 19. Kg1 Rad8 20. Rae1 Rb8 21. R5e3 Qg4+ 22. Rg3 Qb4 0-1

[Event "Steinfurt Bezirksklasse 1112"]
[Site "Germany"]
[Date "2011.09.24"]
[Round "1.4"]
[White "Koelking, Helmut"]
[Black "Welling, Heinz"]
[Result "1-0"]
[WhiteElo "1378"]
[BlackElo "1390"]
[PlyCount "113"]
[EventDate "2011.09.24"]
[EventType "team-tourn"]
[EventRounds "9"]
[EventCountry "GER"]
[SourceTitle "EXT 2013"]
[Source "ChessBase"]
[SourceDate "2012.11.22"]
[SourceVersion "1"]
[SourceVersionDate "2012.11.22"]
[SourceQuality "1"]
[WhiteTeam "Steinfurt IV"]
[BlackTeam "Reckenfeld II"]
[WhiteTeamCountry "GER"]
[BlackTeamCountry "GER"]

1. d4 d5 2. c4 Nf6 3. Nc3 Bf5 4. Bg5 Ne4 5. Nxe4 Bxe4 6. e3 f6 7. Bf4 e6 8. a3 Nc6 9. Nf3 Bd6 10. Bxd6 Qxd6 11. c5 Qe7 12. Be2 0-0 13. 0-0 a6 14. b4 e5 15. dxe5 fxe5 16. Qb3 Kh8 17. Nd2 Bf5 18. Qxd5 Rad8 19. Qa2 Qg5 20. Nf3 Qg6 21. Nh4 Qe8 22. Nxf5 Rxf5 23. Bg4 Rf6 24. Rad1 Qe7 25. Rd2 Rff8 26. Rfd1 e4 27. Qe6 Rxd2 28. Rxd2 Qxe6 29. Bxe6 Rd8 30. Rxd8+ Nxd8 31. Bd5 c6 32. Bxe4 g5 33. g3 Kg7 34. Bf3 Kf6 35. h4 h6 36. hxg5+ hxg5 37. g4 Nf7 38. Be4 Ke5 39. Bf5 Kd5 40. Bc8 Nd8 41. f4 Ke4 42. fxg5 Nf7 43. g6 Nh6 44. g5 Ng8 45. Bxb7 Kf5 46. Bxa6 Kxg6 47. Bd3+ Kxg5 48. a4 Kf6 49. a5 Ne7 50. a6 Nc8 51. b5 cxb5 52. Bxb5 Ke5 53. Bd7 Na7 54. Kf2 Kd5 55. c6 Kd6 56. Kf3 Kc7 57. Kf4 1-0

[Event "Steinfurt Bezirksklasse 1011"]
[Site "Germany"]
[Date "2011.02.05"]
[Round "6.5"]
[White "Welling, Heinz"]
[Black "Niering, Bernhard"]
[Result "0-1"]
[WhiteElo "1385"]
[BlackElo "1197"]
[PlyCount "84"]
[EventDate "2010.09.25"]
[EventType "team-tourn"]
[EventRounds "9"]
[EventCountry "GER"]
[SourceTitle "EXT 2012"]
[Source "ChessBase"]
[SourceDate "2011.11.24"]
[SourceVersion "1"]
[SourceVersionDate "2011.11.24"]
[SourceQuality "1"]
[WhiteTeam "Reckenfeld II"]
[BlackTeam "Steinfurt IV"]
[WhiteTeamCountry "GER"]
[BlackTeamCountry "GER"]

1. e4 c5 2. Nf3 Nc6 3. Bb5 Qb6 4. Bxc6 Qxc6 5. Nc3 d6 6. d4 Qa6 7. h3 Bd7 8. Nd5 Rc8 9. Be3 e6 10. Nc3 b5 11. 0-0 b4 12. Ne2 Bb5 13. Re1 Nf6 14. e5 Nd5 15. Bg5 Be7 16. Bxe7 Nxe7 17. c3 0-0 18. b3 Bxe2 19. Qxe2 Qxe2 20. Rxe2 bxc3 21. exd6 Nd5 22. d7 Rc7 23. Ne5 cxd4 24. Rc1 f6 25. Nd3 e5 26. f3 Rd8 27. b4 Rdxd7 28. a3 Ne3 29. Ra2 c2 30. Kf2 Rc3 31. Ne1 Rdc7 32. g3 Kf7 33. Ke2 Ke6 34. g4 Kd5 35. Kd2 g6 36. Nxc2 Nxc2 37. Rcxc2 Rxc2+ 38. Rxc2 Rxc2+ 39. Kxc2 Kc4 40. h4 h6 41. h5 gxh5 42. gxh5 f5 0-1

[Event "Steinfurt Bezirksklasse 1011"]
[Site "Germany"]
[Date "2010.12.18"]
[Round "4.6"]
[White "Kellmann, Dominik"]
[Black "Welling, Heinz"]
[Result "0-1"]
[WhiteElo "1379"]
[BlackElo "1385"]
[PlyCount "62"]
[EventDate "2010.09.25"]
[EventType "team-tourn"]
[EventRounds "9"]
[EventCountry "GER"]
[SourceTitle "EXT 2012"]
[Source "ChessBase"]
[SourceDate "2011.11.24"]
[SourceVersion "1"]
[SourceVersionDate "2011.11.24"]
[SourceQuality "1"]
[WhiteTeam "Ibbenbueren III"]
[BlackTeam "Reckenfeld II"]
[WhiteTeamCountry "GER"]
[BlackTeamCountry "GER"]

1. e4 e5 2. Nf3 Nc6 3. Bb5 Bc5 4. 0-0 Nge7 5. c3 a6 6. Ba4 b5 7. Bb3 0-0 8. d4 exd4 9. cxd4 Bb6 10. Be3 d5 11. exd5 Nxd5 12. Nc3 Nxc3 13. bxc3 Bg4 14. d5 Bxe3 15. fxe3 Ne5 16. Qd4 Nxf3+ 17. gxf3 Bh3 18. Rf2 Re8 19. Kh1 g6 20. Rd1 Qe7 21. e4 Qe5 22. Qe3 Bd7 23. Rd4 c5 24. dxc6 Bxc6 25. Bd5 Bxd5 26. Rxd5 Qxd5 27. Qd4 Qe5 28. Rd2 h5 29. Qb4 Rac8 30. Rd5 Qxc3 31. Qd6 Qxf3+ 0-1

[Event "Steinfurt Bezirksliga 0910"]
[Site "Germany"]
[Date "2010.03.13"]
[Round "7.5"]
[White "Nieland, Helmut"]
[Black "Welling, Heinz"]
[Result "0-1"]
[WhiteElo "1168"]
[BlackElo "1330"]
[PlyCount "134"]
[EventDate "2009.09.12"]
[EventType "team-tourn"]
[EventRounds "9"]
[EventCountry "GER"]
[SourceTitle "EXT 2011"]
[Source "ChessBase"]
[SourceDate "2010.11.26"]
[SourceVersion "1"]
[SourceVersionDate "2010.11.26"]
[SourceQuality "1"]
[WhiteTeam "Emsdetten Turm III"]
[BlackTeam "Reckenfeld II"]
[WhiteTeamCountry "GER"]
[BlackTeamCountry "GER"]

1. e4 e5 2. Nf3 Nc6 3. Bb5 Bc5 4. Nc3 Nge7 5. d3 a6 6. Bc4 h6 7. a3 d6 8. h3 b5 9. Bb3 0-0 10. Nd5 Be6 11. Bd2 Nd4 12. Nxd4 Bxd4 13. Nxe7+ Qxe7 14. Bxe6 fxe6 15. 0-0 Bxb2 16. Rb1 Bd4 17. Qe2 Bb6 18. Be3 Bxe3 19. Qxe3 c5 20. Rb2 d5 21. Rfb1 d4 22. Qe2 Rfd8 23. Qh5 Qf6 24. Qg4 Rf8 25. Qe2 Qd8 26. Qg4 Rf6 27. Qh5 Qd6 28. Qe2 Rd8 29. Qd2 Qc7 30. Rb3 c4 31. dxc4 Qxc4 32. Rd3 Rc8 33. Rc1 Rf7 34. Rg3 Kh7 35. Qd1 Rfc7 36. Qg4 Qa2 37. h4 Qb2 38. Rf1 Qxc2 39. Qxe6 Qc5 40. Qxa6 Ra7 41. Qe6 Rc6 42. Qf5+ g6 43. Qg4 h5 44. Qd1 Rxa3 45. Rxa3 Qxa3 46. Qe2 Qc5 47. Qf3 Rc7 48. g4 Qe7 49. g5 b4 50. Qb3 Rc3 51. Qd5 Rh3 52. f4 Rxh4 53. Qxe5 Qxe5 54. fxe5 Rxe4 55. Rd1 b3 56. e6 b2 57. Rb1 Re2 58. Kf1 d3 59. e7 Kg7 60. e8Q Rxe8 61. Rxb2 Re7 62. Rd2 Rd7 63. Kf2 Kf7 64. Kf3 Ke6 65. Ke4 h4 66. Kf4 Rd4+ 67. Kf3 Ke5 0-1

[Event "Steinfurt Bezirksliga 0910"]
[Site "Germany"]
[Date "2010.02.13"]
[Round "6.4"]
[White "Rengers, Rainer"]
[Black "Welling, Heinz"]
[Result "1-0"]
[WhiteElo "1608"]
[BlackElo "1330"]
[PlyCount "25"]
[EventDate "2009.09.12"]
[EventType "team-tourn"]
[EventRounds "9"]
[EventCountry "GER"]
[SourceTitle "EXT 2011"]
[Source "ChessBase"]
[SourceDate "2010.11.26"]
[SourceVersion "1"]
[SourceVersionDate "2010.11.26"]
[SourceQuality "1"]
[WhiteTeam "Neuenkirchen II"]
[BlackTeam "Reckenfeld II"]
[WhiteTeamCountry "GER"]
[BlackTeamCountry "GER"]

1. d4 d5 2. c4 Nf6 3. cxd5 Qxd5 4. Nc3 Qd8 5. e4 e5 6. d5 Bb4 7. Qa4+ c6 8. Qxb4 cxd5 9. exd5 Nxd5 10. Qb5+ Nc6 11. Qxd5 Qxd5 12. Nxd5 Be6 13. Nc7+ 1-0

[Event "Steinfurt Bezirksliga 0910"]
[Site "Germany"]
[Date "2009.11.14"]
[Round "3.5"]
[White "Welling, Heinz"]
[Black "Beimdiek, Reiner"]
[Result "0-1"]
[WhiteElo "1330"]
[BlackElo "1783"]
[PlyCount "74"]
[EventDate "2009.09.12"]
[EventType "team-tourn"]
[EventRounds "9"]
[EventCountry "GER"]
[SourceTitle "EXT 2011"]
[Source "ChessBase"]
[SourceDate "2010.11.26"]
[SourceVersion "1"]
[SourceVersionDate "2010.11.26"]
[SourceQuality "1"]
[WhiteTeam "Reckenfeld II"]
[BlackTeam "Westerkappeln"]
[WhiteTeamCountry "GER"]
[BlackTeamCountry "GER"]

1. e4 c5 2. Nf3 Nc6 3. Bb5 g6 4. Bxc6 dxc6 5. h3 Bg7 6. d3 Nf6 7. Bd2 c4 8. Bc3 cxd3 9. Qxd3 Qxd3 10. cxd3 0-0 11. 0-0 b6 12. Nbd2 Ba6 13. Nc4 Nxe4 14. Bxg7 Kxg7 15. dxe4 Bxc4 16. Rfe1 c5 17. b3 Bb5 18. Nh2 Rfd8 19. Rad1 e5 20. Ng4 f6 21. Ne3 Rd4 22. f3 Rad8 23. Rc1 Kf7 24. Nd5 Bc6 25. Nc3 Ke6 26. Kf2 Rd2+ 27. Re2 Rxe2+ 28. Kxe2 f5 29. Rd1 Rxd1 30. Kxd1 fxe4 31. fxe4 b5 32. Kd2 b4 33. Na4 Bxa4 34. bxa4 c4 35. Kc2 Kf6 36. a5 Kg5 37. g3 h5 0-1

[Event "Steinfurt Bezirksklasse 0708"]
[Site "Germany"]
[Date "2008.03.01"]
[Round "6.5"]
[White "Welling, Heinz"]
[Black "Winter, Reinhold"]
[Result "1/2-1/2"]
[WhiteElo "1398"]
[BlackElo "1474"]
[PlyCount "107"]
[EventDate "2007.10.13"]
[EventType "team-tourn"]
[EventRounds "7"]
[EventCountry "GER"]
[SourceTitle "EXT 2009"]
[Source "ChessBase"]
[SourceDate "2008.11.26"]
[SourceVersion "1"]
[SourceVersionDate "2008.11.26"]
[SourceQuality "1"]
[WhiteTeam "Reckenfeld II"]
[BlackTeam "Neuenkirchen II"]
[WhiteTeamCountry "GER"]
[BlackTeamCountry "GER"]

1. e4 e6 2. d4 d5 3. Bd3 c5 4. exd5 Qxd5 5. Nf3 cxd4 6. 0-0 Nc6 7. Re1 Nf6 8. Bg5 Be7 9. Bxf6 Bxf6 10. Nbd2 0-0 11. Nb3 b6 12. Be4 Qd7 13. Bxc6 Qxc6 14. Nbxd4 Qd5 15. c3 Bb7 16. Re3 Rfd8 17. Qe2 Bxd4 18. cxd4 Rac8 19. Rc3 h6 20. a3 Qh5 21. Rd1 Rxc3 22. bxc3 Qa5 23. Qc4 Bxf3 24. gxf3 Qxa3 25. Qc7 Rf8 26. d5 exd5 27. Rxd5 Qb3 28. Rd7 a5 29. Qa7 a4 30. Rb7 a3 31. Rxb6 Qxc3 32. Ra6 Qxf3 33. Rxa3 Qf4 34. Qa6 Rd8 35. Kg2 Qe4+ 36. Rf3 f6 37. Qb6 Rd3 38. Qb8+ Kh7 39. Qf4 Qxf4 40. Rxf4 h5 41. h3 Kh6 42. h4 Kg6 43. f3 Rd5 44. Kf2 Kf7 45. Ke3 Re5+ 46. Kf2 g5 47. hxg5 Rxg5 48. Rh4 Kg6 49. Rf4 Rf5 50. Kg3 Rxf4 51. Kxf4 f5 52. Kg3 Kh6 53. f4 Kg6 54. Kh4 1/2-1/2